000 00263nam a22001217a 4500
008 170315b xxu||||| |||| 00| 0 eng d
041 _aeng
080 _22ND
_a611
100 _a7
101 _aSHM
245 _aATLAS OF ARTHROSCOPY
_cWATANABE, M
942 _2udc
_cBK
999 _c7925
_d7925